000 00676nam a2200205Ia 4500
005 20260121110229.0
008 008 260114s9999 xx 000 0 hin d
020 _a9788132303589
037 _aEBOOK
040 _aCRL
_bhin
_cCRL
041 _ahin
_2hin
084 _qCRL
100 _aसुरेन्द्र कश्यप / Surendra Kashyap
_9943627
245 0 _aयूनानी राजनीतिक चिंतक / Yunani Rajneetik Chintak
260 _bभाषा प्रकाशन / Bhasha Prakashan
_c2020
856 _uhttps://bhashaprakashan.com/product-details/377990
942 _cEBOOK
999 _c1535292
_d1535292